| 000 | 00650nam a2200181Ia 4500 | ||
|---|---|---|---|
| 003 | GCL | ||
| 008 | 140319s9999 xx 000 0 ara d | ||
| 040 |
_aGCL / _cGCL |
||
| 082 | 0 | 4 |
_a949.501 _bر ب |
| 100 | 1 | _aرافت عبدالحميد (مراجع) | |
| 245 | 1 | 0 |
_aبيزنطة بين الفكر والدين والسياسة / _cرافت عبدالحميد (مراجع) |
| 300 | _a342 ص | ||
| 490 |
_aالهيئة العامة للاستعلامات _v0 |
||
| 650 | 0 | 4 | _aالامبراطورية البيزنطية |
| 650 | 0 | 4 | _aالامبراطورية البيزنطية - تاريخ |
| 650 | 0 | 4 | _aالروم - تاريخ |
| 942 |
_2ddc _cBK |
||
| 999 |
_c51796 _d51796 |
||